Shrinking Cities in New Mexico - Statistics

General Stats
  • This quiz has been taken 8 times
  • The average score is 2 of 10
Answer Stats
Population Growth Rate (%) City % Correct
13,166 -6.4 Las Vegas
67%
14,758 -0.4 Deming
50%
9,163 -0.5 Grants
33%
7,360 -3.6 Belen
17%
12,137 -1.3 Portales
17%
7,679 -4.5 Ruidoso
17%
9,704 -6.0 Silver City
17%
8,707 -3.9 Socorro
17%
8,693 -8.2 Anthony
0%
7,421 -9.4 Bloomfield
0%
No matching quizzes found
Score Distribution
Percent of People with Each Score
Percentile by Number Answered
Your Score History
You have not taken this quiz